00434nam a2200121 a 450000100100000000500170001000800410002704000250006810000190009324501330011226000470024530000200029200003420420200930070850.0110928s1899 dr 000 0 spa d aDO-SdBNPbspacBNPHU1 aGalván, Luis10aTesis :bes injusta la prohibición legal de la prueba por testigos en los asuntos civiles de mayor cuantía /cLuis Galván. aSanto Domingo :bCuna de América,c1899. a22 p. ;c22 cm.